01177 2200325 4500001002100000005001500021035002000036007000300056008004100059336002100100337002300121338003800144100003400182245013000216300003200346082001400378084001600392264004200408500006900450538007600519650002200595850001200617852002000629856007600649040002200725020002200747700003800769990002200807990002200829INLIS00000000086235720210714125745 a0010-0721000592ta210712t2015 jkia as| 1 ind d 2rdacontentateks 2rdamediaakomputer 2rdacarrierasumber sambung jaring1 aHerlina Kartaatmadjaepenulis10aAku memang unik & aku bangga jadi diri sendiri [sumber elektronik] /cHerlina Kartaatmadja; penyunting, Kartika Indah Prativi a1 berkas komputer (29,4 MB)04223a028.5 a028.5 HER g31aJakarta :bBhuana Ilmu Populer,c2015 aUntuk mengakses buku ini silakan unduh aplikasi http://ijogja.id aAndroid : versi 4.0 atau di atasnya, memori 1 GB, layar tampilan 4-inch 4aBacaan Kanak-anak aYOPDYOG8 aaplikasi iJogja40nPerpustakaan Digital iJogjauhttp://ijogja.id /publications/books/13241 aYOPDYOGbinderda a978-602-249-914-50 aKartika Indah Prativiepenyunting a000915-EPD/B.2016 a000916-EPD/B.2016